000 00399nam a2200145Ia 4500
005 20250429030228.0
008 240331s9999 xx 000 0 und d
082 _bKRI
_a294
100 _aKrishnan,H
245 0 _aAnuman :
_bvaarppm vanappum
260 _aChennai
_bKizhakku Pathippagam
_c2004
300 _a461 p .,
500 _aKamba Ramayanatthil Kura pata annuman patriya eliya oorai
942 _cL
999 _c4615
_d4615